000 00453nam a2200133Ia 4500
008 170221s9999 xx 000 0 und d
100 _aRoss Taplin
245 4 _aThe Use of Fair Value and Historical Cost Accounting for Investment Properties in China
245 _cRoss Taplin, Wei Yuan, and Alistair Brown
260 _c2016
300 _a15 : 9
650 _xBusiness
856 _uhttp://ro.uow.edu.au/cgi/viewcontent.cgi?article=1468&context=aabfj
999 _c311758
_d311758